Economic sophisms
Đã lưu trong:
| 主要作者: | |
|---|---|
| 格式: | 圖書 |
| 語言: | Undetermined |
| 出版: |
New York
The foundation for Economic Education, Inc.
1964
|
| 主題: | |
| 標簽: |
添加標簽
沒有標簽, 成為第一個標記此記錄!
|
| Thư viện lưu trữ: | Trung tâm Học liệu Trường Đại học Cần Thơ |
|---|
| LEADER | 00523nam a2200181Ia 4500 | ||
|---|---|---|---|
| 001 | CTU_80429 | ||
| 008 | 210402s9999 xx 000 0 und d | ||
| 082 | |a 330.122 | ||
| 082 | |b B326 | ||
| 100 | |a Bastiat, Frederic | ||
| 245 | 0 | |a Economic sophisms | |
| 245 | 0 | |c Frederic Bastiat | |
| 260 | |a New York | ||
| 260 | |b The foundation for Economic Education, Inc. | ||
| 260 | |c 1964 | ||
| 650 | |a Free enterprise,Free trade,Protectionism | ||
| 904 | |i Trọng Hải | ||
| 980 | |a Trung tâm Học liệu Trường Đại học Cần Thơ | ||